000 01259cam a22003134a 4500
001 13523102
005 20050303152635.0
008 040315s2004 maua b 001 0deng
010 _a 2004045785
020 _a9004138544
040 _aDLC
_cDLC
_dDLC
042 _apcc
043 _af-sj---
050 0 0 _aBP189.7.M26
_bI56 2004
100 1 _aIbrahim, Hassan Ahmed.
245 1 0 _aSayyid ʻAbd al-Raḥmān al-Mahdī :
_ba study of neo-Mahdīsm in the Sudan, 1899-1956 /
_cby Hassan Ahmed Ibrahim.
260 _aBoston :
_bBrill,
_c2004.
300 _axiii, 260 p. :
_bill. ;
_c25 cm.
440 0 _aIslam in Africa,
_x0928-5520 ;
_vv. 4
504 _aIncludes bibliographical references (p. [249]-251) and indexes.
600 1 0 _aMahdī, ʻAbd al-Raḥmān,
_db. 1885.
650 0 _aMahdiyah.
650 0 _aSufism
_zSudan
_xHistory.
650 0 _aIslam and politics
_zSudan.
906 _a7
_bcbc
_corignew
_d1
_eocip
_f20
_gy-gencatlg
942 _2lcc
_cBK
999 _c5360
_d5360